| 000 -CABECERA |
| campo de control de longitud fija |
01952nam a2200337 a 4500 |
| 001 - NÚMERO DE CONTROL |
| campo de control |
1605830 |
| 003 - IDENTIFICADOR DEL NÚMERO DE CONTROL |
| campo de control |
CO-MqBPB |
| 005 - FECHA Y HORA DE LA ÚLTIMA TRANSACCIÓN |
| campo de control |
20220822101655.0 |
| 008 - DATOS DE LONGITUD FIJA--INFORMACIÓN GENERAL |
| campo de control de longitud fija |
180828s2018 ck gr 000 f spa d |
| 020 ## - NÚMERO INTERNACIONAL ESTÁNDAR DEL LIBRO |
| Número Internacional Estándar del Libro |
9789585993563 |
| 040 ## - FUENTE DE LA CATALOGACIÓN |
| Centro catalogador/agencia de origen |
CO-MqBPB |
| Lengua de catalogación |
spa |
| Centro/agencia transcriptor |
CO-MqBPB |
| 041 1# - CÓDIGO DE LENGUA |
| Código de lengua del texto/banda sonora o título independiente |
spa |
| Código de lengua original |
ita |
| 043 ## - CÓDIGO DE ÁREA GEOGRÁFICA |
| Código de área geográfica |
e-it--- |
| 082 04 - NÚMERO DE LA CLASIFICACIÓN DECIMAL DEWEY |
| Número de clasificación |
AN |
| Número de documento/Ítem |
STRm |
| 100 1# - ENTRADA PRINCIPAL--NOMBRE DE PERSONA |
| Nombre de persona |
Strukul, Matteo, |
| Fechas asociadas al nombre |
1973- |
| 245 14 - MENCIÓN DE TÍTULO |
| Título |
Los Médici : |
| Resto del título |
una gran novela histórica / |
| Mención de responsabilidad, etc. |
Matteo Strukul |
| 260 ## - PUBLICACIÓN, DISTRIBUCIÓN, ETC. |
| Lugar de publicación, distribución, etc. |
Bogotá : |
| Nombre del editor, distribuidor, etc. |
Ediciones B, |
| Fecha de publicación, distribución, etc. |
2018. |
| 300 ## - DESCRIPCIÓN FÍSICA |
| Extensión |
438 páginas ; |
| Dimensiones |
23 cm. |
| 490 0# - MENCIÓN DE SERIE |
| Mención de serie |
Histórica |
| 500 ## - NOTA GENERAL |
| Nota general |
Florencia, 1469. Lorenzo de Médici está ganando el torneo en honor de su esposa, Clarice Orsini, apenas llegada a Florencia para su boda con el hombre que se convertirá en el Magnífico.Este matrimonio no es un paso fácil para Lorenzo: su corazón -está convencido- pertenece y siempre pertenecerá a Lucrezia Donati, mujer fascinante y de extraordinaria belleza. Sin embargo, se avendrá a la voluntad de su madre y reforzará la alianza con una poderosa familia romana.Llamado a gobernar la ciudad y aceptar los costes y los compromisos de la política, dividido entre amor y poder, Lorenzo subestima a los formidables adversarios que están tramando contra él para arrancarle el liderazgo de Florencia, Girolamo Riario, sobrino del papa Sixto IV, concibe una conjura cuyo resultado será terrible para Lorenzo.Y desde ese momento comenzará un período de violencia y venganza de suyas consecuencias muy pocos se librarán... |
| 534 ## - NOTA SOBRE LA VERSIÓN ORIGINAL |
| Frase introductoria |
Título original : |
| Mención de título del original |
Medici. Un hombre al poder. |
| 600 04 - PUNTO DE ACCESO ADICIONAL DE MATERIA--NOMBRE DE PERSONA |
| Nombre de persona |
Medici (Familia) |
| Subdivisión de forma |
Novela. |
| 600 14 - PUNTO DE ACCESO ADICIONAL DE MATERIA--NOMBRE DE PERSONA |
| Nombre de persona |
Medici, Lorenzo de, |
| Fechas asociadas al nombre |
1449-1492 |
| Subdivisión de forma |
Novela. |
| 650 #4 - PUNTO DE ACCESO ADICIONAL DE MATERIA--TÉRMINO DE MATERIA |
| Término de materia o nombre geográfico como elemento de entrada |
Novela italiana. |
| 650 #4 - PUNTO DE ACCESO ADICIONAL DE MATERIA--TÉRMINO DE MATERIA |
| Término de materia o nombre geográfico como elemento de entrada |
Novela hist�rica. |
| 651 #4 - PUNTO DE ACCESO ADICIONAL DE MATERIA--NOMBRE GEOGRÁFICO |
| Nombre geográfico |
Florencia (Italia) |
| Subdivisión general |
Historia |
| Subdivisión de forma |
Novela. |
| 651 #4 - PUNTO DE ACCESO ADICIONAL DE MATERIA--NOMBRE GEOGRÁFICO |
| Nombre geográfico |
Italia |
| Subdivisión general |
Reyes y soberanos. |
| 700 1# - PUNTO DE ACCESO ADICIONAL--NOMBRE DE PERSONA |
| Nombre de persona |
Fern�ndez, Natalia, |
| Término indicativo de función/relación |
traductora. |
| 942 ## - ELEMENTOS DE PUNTO DE ACCESO ADICIONAL (KOHA) |
| Fuente del sistema de clasificación o colocación |
|
| Tipo de ítem Koha |
Libro Literatura |
| 949 ## - PROCESAMIENTO DE INFORMACIÓN LOCAL (OCLC) |
| a |
n |
| b |
n |